Návrh opatrení na zefektívnenie procesu objednávania zásob vstupného materiálu a označovania skladových pozícií v sklade vstupného materiálu spoločnosti TATRACHEMA, výrobné družstvo Trnava

Saved in:
Bibliographic Details
Main Author: Lukačovičová, Lenka (Author)
Other Authors: Makyšová, Helena (Thesis advisor)
Format: Manuscript Book
Language:Slovak
Published: 2016
Subjects:
Online Access:http://is.stuba.sk/zp/portal_zp.pl?podrobnosti=106240
Tags: Add Tag
No Tags, Be the first to tag this record!

MARC

LEADER 00000ntm a22000003a 4500
001 stuzp56052
003 SK-STU
005 20160719154907.2
007 ta
008 150427s2015----xo-----f-mn---000-0-slo-d
040 |a STU  |b slo 
041 0 |a slo 
100 1 |a Lukačovičová, Lenka  |u 064000  |4 aut  |U MTF Materiálovotechnologická fakulta  |T MTF Ústav priemyselného inžinierstva a manažmentu  |X 71937  |U M4000  |Y 84  |7 71937 
242 0 1 |a Proposal to improve ordering supplies of input material and labeling inventory items of input material in Tatrachema, co-operative  |y eng 
245 1 0 |a Návrh opatrení na zefektívnenie procesu objednávania zásob vstupného materiálu a označovania skladových pozícií v sklade vstupného materiálu spoločnosti TATRACHEMA, výrobné družstvo Trnava 
260 |c 2016 
650 4 |a Skladové hospodárstvo  |2 slo 
650 4 |a Material  |2 slo 
650 4 |a Zásoby  |2 slo 
650 4 |a Inventory  |2 eng 
650 4 |a Warehouse management  |2 eng 
650 4 |a Material  |2 eng 
700 1 |a Makyšová, Helena  |u 064000  |k Z1  |4 ths  |U MTF Materiálovotechnologická fakulta  |T MTF Ústav priemyselného inžinierstva a manažmentu  |X 2772  |U M4000  |Y 84  |7 A000002772 
856 4 |u http://is.stuba.sk/zp/portal_zp.pl?podrobnosti=106240 
996 |c M* BP-7861  |l MMSKP  |s P  |a 0  |w stuzp56052_0001 
SQL |a stuzp56052  |b DBP  |c SLO  |d Návrh opatrení na zefektívnenie procesu objednávania zásob vstupného materiálu a označovania skladových pozícií v sklade vstupného materiálu spoločnosti TATRACHEMA, výrobné družstvo Trnava  |e 71937  |f Lukačovičová, Lenka  |g 064000  |h 2772  |i Makyšová, Helena  |j 20160621  |k 175  |l 06  |m http://is.stuba.sk/zp/portal_zp.pl?podrobnosti=106240  |n B-PMA  |o 5.2.52. priemyselné inžinierstvo